[Event "Bucaramanga op"]
[Site "Bucaramanga"]
[Date "2023.09.10"]
[Round "8"]
[White "Gomez, Samael"]
[Black "Cardenas Briceno, Eloy"]
[Result "1-0"]
[WhiteElo "1933"]
[BlackElo "1439"]
[PlyCount "45"]
[EventDate "2023.09.06"]
[EventType "swiss"]
[EventRounds "9"]
[EventCountry "COL"]
[SourceTitle "EXT 2024"]
[Source "ChessBase"]
[SourceDate "2023.10.10"]
[SourceVersion "1"]
[SourceVersionDate "2023.10.10"]
[SourceQuality "1"]

1. d4 d5 2. c4 c6 3. Qc2 Nf6 4. Bf4 e6 5. Nf3 Nh5 6. Bg5 Be7 7. h4 h6 8. Bd2 Nd7 9. e4 dxe4 10. Qxe4 Nhf6 11. Qc2 Qc7 12. Nc3 e5 13. 0-0-0 Ng4 14. Be3 Ndf6 15. Nxe5 Nxe5 16. dxe5 Qxe5 17. Bd4 Qf4+ 18. Be3 Qe5 19. Bd4 Qa5 20. f3 Bf5 21. Bd3 Bxd3 22. Qxd3 0-0-0 23. Qe3 1-0

[Event "COL-chT 21st"]
[Site "Cartagena"]
[Date "2019.11.30"]
[Round "8.2"]
[White "Rios Parra, Alejandro"]
[Black "Gomez, Samael"]
[Result "1-0"]
[WhiteElo "2230"]
[BlackElo "1932"]
[PlyCount "46"]
[EventDate "2019.11.30"]
[EventType "team-swiss"]
[EventRounds "9"]
[EventCountry "COL"]
[SourceTitle "CBM 195 Extra"]
[Source "ChessBase"]
[SourceDate "2020.05.31"]
[SourceVersion "1"]
[SourceVersionDate "2020.05.31"]
[SourceQuality "1"]
[WhiteTeam "Caqueta"]
[BlackTeam "Fuerzas Armadas"]
[WhiteTeamCountry "COL"]
[BlackTeamCountry "COL"]

1. e4 Nf6 2. e5 Nd5 3. d4 Nb6 4. Nf3 d6 5. exd6 cxd6 6. h3 g6 7. Be2 Bg7 8. 0-0 0-0 9. c4 Nc6 10. Nc3 Bf5 11. Be3 h6 12. Qd2 Kh7 13. Rfe1 Rc8 14. b3 e5 15. d5 Nb4 16. Rac1 Nd7 17. a3 Na6 18. b4 Nc7 19. g4 a6 20. gxf5 gxf5 21. Qc2 e4 22. Nd4 Qf6 23. Bf1 Ne5 1-0

[Event "COL-chT rapid"]
[Site "Cartagena"]
[Date "2019.11.29"]
[Round "1.1"]
[White "Hernandez Sanchez, Jairo Andres"]
[Black "Gomez, Samael"]
[Result "1-0"]
[WhiteElo "2298"]
[BlackElo "1912"]
[PlyCount "58"]
[EventDate "2019.11.29"]
[EventType "team-swiss"]
[EventRounds "7"]
[EventCountry "COL"]
[SourceTitle "CBM 193 Extra"]
[Source "ChessBase"]
[SourceDate "2020.01.31"]
[SourceVersion "1"]
[SourceVersionDate "2020.01.31"]
[SourceQuality "1"]
[WhiteTeam "Tolima"]
[BlackTeam "Fuerzas Armadas"]
[WhiteTeamCountry "COL"]
[BlackTeamCountry "COL"]

1. c4 Nf6 2. Nf3 g6 3. g3 Bg7 4. Bg2 0-0 5. 0-0 d6 6. Nc3 e5 7. d3 h6 8. Rb1 a5 9. a3 Be6 10. Nd2 c6 11. b4 axb4 12. axb4 Nbd7 13. b5 Qc7 14. Nb3 d5 15. bxc6 bxc6 16. cxd5 cxd5 17. Bd2 Rab8 18. Qc1 Rfc8 19. d4 Qc4 20. Na5 Qxd4 21. Rxb8 Nxb8 22. Qb2 Nbd7 23. Rc1 Qb6 24. Na4 Rxc1+ 25. Qxc1 Qb8 26. Nc6 Qa8 27. Na5 Qb8 28. Qc8+ Kh7 29. Nb2 Nc5 1-0

[Event "COL-chT rapid"]
[Site "Cartagena"]
[Date "2019.11.29"]
[Round "6.1"]
[White "Romero Martinez, Filadelfo"]
[Black "Gomez, Samael"]
[Result "1-0"]
[WhiteElo "2025"]
[BlackElo "1912"]
[PlyCount "49"]
[EventDate "2019.11.29"]
[EventType "team-swiss"]
[EventRounds "7"]
[EventCountry "COL"]
[SourceTitle "CBM 193 Extra"]
[Source "ChessBase"]
[SourceDate "2020.01.31"]
[SourceVersion "1"]
[SourceVersionDate "2020.01.31"]
[SourceQuality "1"]
[WhiteTeam "Sucre"]
[BlackTeam "Fuerzas Armadas"]
[WhiteTeamCountry "COL"]
[BlackTeamCountry "COL"]

1. e4 Nf6 2. Nc3 d6 3. d4 c6 4. Nf3 g6 5. Bg5 Bg7 6. h3 0-0 7. Be2 Qa5 8. Qd2 e5 9. dxe5 dxe5 10. 0-0 Nbd7 11. Rad1 Qb4 12. b3 a5 13. Rfe1 Nxe4 14. Nxe4 Qxe4 15. Ba6 Qb4 16. c3 Qb6 17. Bc4 Qc7 18. Be7 Re8 19. Bd6 Qd8 20. Ng5 b5 21. Bxf7+ Kh8 22. Bxe8 Qxe8 23. Ne4 Nb6 24. Ng5 h6 25. Bxe5 1-0

[Event "COL-chT"]
[Site "Cartagena"]
[Date "2019.11.26"]
[Round "5.1"]
[White "Gomez, Samael"]
[Black "Ojeda, Jesus David"]
[Result "0-1"]
[WhiteElo "1924"]
[BlackElo "2113"]
[PlyCount "58"]
[EventDate "2019.11.24"]
[EventType "team-swiss"]
[EventRounds "7"]
[EventCountry "COL"]
[SourceTitle "CBM 193 Extra"]
[Source "ChessBase"]
[SourceDate "2020.01.31"]
[SourceVersion "1"]
[SourceVersionDate "2020.01.31"]
[SourceQuality "1"]
[WhiteTeam "Fuerzas Armadas"]
[BlackTeam "Norte de Santander"]
[WhiteTeamCountry "COL"]
[BlackTeamCountry "COL"]

1. d4 e6 2. c4 f5 3. Nc3 Nf6 4. Bg5 Be7 5. Qb3 c6 6. 0-0-0 Ng4 7. Bxe7 Qxe7 8. Nh3 d5 9. e3 dxc4 10. Bxc4 b5 11. Be2 a5 12. Bxg4 fxg4 13. Nf4 Na6 14. h3 e5 15. dxe5 gxh3 16. Ne4 Kf8 17. Nd6 Bd7 18. e6 Nc5 19. Qc3 Nxe6 20. Nf5 Nxf4 21. Nxe7 Ne2+ 22. Kc2 Nxc3 23. Rxd7 hxg2 24. Rg1 Nxa2 25. Rxg2 Nb4+ 26. Kb3 Ke8 27. Rb7 Rd8 28. Ka3 Rd3+ 29. b3 Rd2 0-1

[Event "COL-chT"]
[Site "Cartagena"]
[Date "2019.11.25"]
[Round "3.1"]
[White "Florez, Luis Angel"]
[Black "Gomez, Samael"]
[Result "1/2-1/2"]
[WhiteElo "2133"]
[BlackElo "1924"]
[PlyCount "90"]
[EventDate "2019.11.24"]
[EventType "team-swiss"]
[EventRounds "7"]
[EventCountry "COL"]
[SourceTitle "CBM 193 Extra"]
[Source "ChessBase"]
[SourceDate "2020.01.31"]
[SourceVersion "1"]
[SourceVersionDate "2020.01.31"]
[SourceQuality "1"]
[WhiteTeam "Cauca"]
[BlackTeam "Fuerzas Armadas"]
[WhiteTeamCountry "COL"]
[BlackTeamCountry "COL"]

1. e4 c6 2. d4 d5 3. Nc3 dxe4 4. Nxe4 Bf5 5. Ng3 Bg6 6. h4 h6 7. Nf3 Nd7 8. h5 Bh7 9. Bd3 Bxd3 10. Qxd3 Qc7 11. Bd2 Ngf6 12. 0-0-0 e6 13. c4 0-0-0 14. Ne4 Nxe4 15. Qxe4 Nf6 16. Qe2 c5 17. Bc3 cxd4 18. Bxd4 Bc5 19. Kb1 Bxd4 20. Nxd4 a6 21. Rh3 Qc5 22. Rhd3 Qxh5 23. Qc2 e5 24. Nf5 e4 25. Nd6+ Kc7 26. Rd4 Qc5 27. Qd2 Kb8 28. Nxf7 Rxd4 29. Qxd4 Qxd4 30. Rxd4 Re8 31. Nd6 Re5 32. Kc2 Rg5 33. Nxe4 Rxg2 34. Kc3 Nxe4+ 35. Rxe4 Rxf2 36. Re8+ Ka7 37. Re7 Rg2 38. c5 Kb8 39. b4 g5 40. a4 Rg3+ 41. Kc4 Rg4+ 42. Kb3 Rg3+ 43. Kc4 Rg4+ 44. Kb3 Rg3+ 45. Kc4 Rg4+ 1/2-1/2

[Event "COL-chT"]
[Site "Cartagena"]
[Date "2019.11.24"]
[Round "1.1"]
[White "Vargas Arteaga, Alexis"]
[Black "Gomez, Samael"]
[Result "1-0"]
[WhiteElo "2257"]
[BlackElo "1924"]
[PlyCount "69"]
[EventDate "2019.11.24"]
[EventType "team-swiss"]
[EventRounds "7"]
[EventCountry "COL"]
[SourceTitle "CBM 193 Extra"]
[Source "ChessBase"]
[SourceDate "2020.01.31"]
[SourceVersion "1"]
[SourceVersionDate "2020.01.31"]
[SourceQuality "1"]
[WhiteTeam "Santander"]
[BlackTeam "Fuerzas Armadas"]
[WhiteTeamCountry "COL"]
[BlackTeamCountry "COL"]

1. e4 Nf6 2. d3 g6 3. Nf3 Bg7 4. g3 d6 5. Bg2 0-0 6. 0-0 e5 7. Nc3 c5 8. Nd2 Nc6 9. Nc4 a6 10. a4 Rb8 11. a5 Be6 12. Nd5 Nd4 13. c3 Nc6 14. Bg5 h6 15. Nxf6+ Bxf6 16. Bxh6 Bg7 17. Be3 Bxc4 18. dxc4 Nxa5 19. Qd3 b5 20. cxb5 Rxb5 21. Ra2 Qc7 22. Rd1 Rfb8 23. Bf1 Rxb2 24. Rxb2 Rxb2 25. Qxd6 Qxd6 26. Rxd6 Nb7 27. Rxa6 Bf8 28. Bc4 Kg7 29. Bd5 c4 30. Rc6 Bd6 31. Rxc4 f5 32. Rc6 Rb1+ 33. Kg2 Rb2 34. c4 Rc2 35. Rb6 1-0

[Event "COL-chT Interligas"]
[Site "Palmira"]
[Date "2019.04.29"]
[Round "6.2"]
[White "Gomez, Samael"]
[Black "Ossa, Orlando Jose"]
[Result "0-1"]
[WhiteElo "1933"]
[BlackElo "2229"]
[PlyCount "90"]
[EventDate "2019.04.27"]
[EventType "team-swiss"]
[EventRounds "6"]
[EventCountry "COL"]
[SourceTitle "CBM 190 Extra"]
[Source "ChessBase"]
[SourceDate "2019.07.15"]
[SourceVersion "1"]
[SourceVersionDate "2019.07.15"]
[SourceQuality "1"]
[WhiteTeam "Fuerzas Armadas"]
[BlackTeam "Valle Carlos Cuartas"]
[WhiteTeamCountry "COL"]
[BlackTeamCountry "COL"]

1. d4 c5 2. d5 f5 3. c4 g6 4. Nc3 Bg7 5. Qc2 Nf6 6. Nf3 0-0 7. g3 d6 8. Bg2 Na6 9. 0-0 Rb8 10. Re1 e5 11. dxe6 Bxe6 12. Nd2 Nb4 13. Qa4 d5 14. cxd5 Nfxd5 15. Nxd5 Bxd5 16. Bxd5+ Qxd5 17. a3 b5 18. Qd1 Nc6 19. Nf3 Rbd8 20. Qxd5+ Rxd5 21. Rb1 c4 22. Be3 Rfd8 23. Bg5 R8d7 24. h4 a5 25. Rec1 a4 26. Kf1 Na5 27. Ke1 Nb3 28. Rc2 Nc5 29. Bd2 Ne4 30. Bc3 Bf8 31. Ng5 Nxc3 32. Rxc3 Bc5 33. Nf3 Bb6 34. Rcc1 h6 35. e3 Bd8 36. Rd1 Bf6 37. Rxd5 Rxd5 38. Ke2 Kf7 39. Ne1 Ke6 40. f3 Be5 41. g4 Bg3 42. gxf5+ gxf5 43. Rd1 Rxd1 44. Kxd1 Bxh4 45. Ng2 Bg5 0-1

[Event "COL-chT Interligas"]
[Site "Palmira"]
[Date "2019.04.28"]
[Round "3.2"]
[White "Gomez, Samael"]
[Black "Cadena Montoya, Gustavo Adolfo"]
[Result "0-1"]
[WhiteElo "1933"]
[BlackElo "2194"]
[PlyCount "66"]
[EventDate "2019.04.27"]
[EventType "team-swiss"]
[EventRounds "6"]
[EventCountry "COL"]
[SourceTitle "CBM 190 Extra"]
[Source "ChessBase"]
[SourceDate "2019.07.15"]
[SourceVersion "1"]
[SourceVersionDate "2019.07.15"]
[SourceQuality "1"]
[WhiteTeam "Fuerzas Armadas"]
[BlackTeam "Caqueta"]
[WhiteTeamCountry "COL"]
[BlackTeamCountry "COL"]

1. c4 c5 2. Nf3 Nc6 3. g3 g6 4. Bg2 Bg7 5. 0-0 Nf6 6. Nc3 0-0 7. e4 d6 8. h3 Ne8 9. d3 Nc7 10. Be3 Ne6 11. Qd2 Ned4 12. Bh6 Nxf3+ 13. Bxf3 Bxh3 14. Bg2 Nd4 15. Kh2 Bd7 16. Bxg7 Kxg7 17. f4 e5 18. f5 f6 19. g4 g5 20. Kg3 Qa5 21. Rh1 b5 22. Bf3 Rh8 23. Rad1 Be8 24. Rh3 h5 25. Nxb5 h4+ 26. Kf2 Qxd2+ 27. Rxd2 Bxb5 28. cxb5 Nxb5 29. Rh1 Rab8 30. Rc1 Nd4 31. Bg2 Rb4 32. Rc4 Rhb8 33. Rxb4 cxb4 0-1

[Event "COL-ch"]
[Site "Bogota"]
[Date "2018.11.11"]
[Round "8"]
[White "Gomez, Samael"]
[Black "Lopez Ramirez, David Santiago"]
[Result "1/2-1/2"]
[WhiteElo "1959"]
[BlackElo "1853"]
[PlyCount "86"]
[EventDate "2018.11.06"]
[EventType "swiss"]
[EventRounds "9"]
[EventCountry "COL"]
[SourceTitle "CBM 187 Extra"]
[Source "ChessBase"]
[SourceDate "2018.11.04"]
[SourceVersion "1"]
[SourceVersionDate "2018.11.04"]
[SourceQuality "1"]

1. d4 d6 2. c4 e5 3. dxe5 dxe5 4. Qxd8+ Kxd8 5. Nc3 Be6 6. e4 Bc5 7. Bg5+ f6 8. Bh4 c6 9. 0-0-0+ Ke7 10. Bg3 a5 11. Bd3 Nh6 12. h3 Nf7 13. Nge2 a4 14. f4 exf4 15. Nxf4 Ne5 16. Nxe6 Kxe6 17. Be2 Nbd7 18. h4 Bb4 19. Kc2 Nc5 20. Rd4 Rhd8 21. Rhd1 Rxd4 22. Rxd4 Ke7 23. Bf2 a3 24. b3 Rd8 25. Rxd8 Kxd8 26. Bxc5 Bxc5 27. Nd1 Ke7 28. Kc3 Ke6 29. b4 Ba7 30. c5 Ng6 31. Kd4 f5 32. h5 Nf4 33. Bc4+ Kf6 34. e5+ Kg5 35. Ne3 Nxh5 36. e6 Kf6 37. e7 Kxe7 38. Nxf5+ Kd7 39. g4 Nf6 40. Nxg7 b6 41. g5 bxc5+ 42. bxc5 Ne8 43. Nxe8 Kxe8 1/2-1/2

[Event "COL-ch"]
[Site "Bogota"]
[Date "2018.11.07"]
[Round "3"]
[White "Gonzalez, Leandro"]
[Black "Gomez, Samael"]
[Result "1/2-1/2"]
[WhiteElo "1705"]
[BlackElo "1959"]
[PlyCount "59"]
[EventDate "2018.11.06"]
[EventType "swiss"]
[EventRounds "9"]
[EventCountry "COL"]
[SourceTitle "CBM 187 Extra"]
[Source "ChessBase"]
[SourceDate "2018.11.04"]
[SourceVersion "1"]
[SourceVersionDate "2018.11.04"]
[SourceQuality "1"]

1. e4 Nf6 2. e5 Nd5 3. d4 Nb6 4. c4 d6 5. exd6 cxd6 6. Nc3 g6 7. Nf3 Bg7 8. h3 0-0 9. Be2 Nc6 10. 0-0 e5 11. dxe5 dxe5 12. Be3 Nd4 13. Bxd4 exd4 14. Nb5 d3 15. Qxd3 Qxd3 16. Bxd3 Bxb2 17. Rab1 Bg7 18. Nxa7 Rxa7 19. Rxb6 Rxa2 20. Be4 Be6 21. Bd5 Bxd5 22. cxd5 Rd8 23. Rd1 Ra5 24. d6 Ra6 25. Rxb7 Raxd6 26. Rxd6 Rxd6 27. Ng5 Rf6 28. Rb8+ Bf8 29. Nxh7 Kxh7 30. Rxf8 1/2-1/2

[Event "COL-ch Amateur U2000"]
[Site "Bogota"]
[Date "2018.02.16"]
[Round "3.4"]
[White "Gomez, Samael"]
[Black "Bravo Hernandez, Luis Alberto"]
[Result "1-0"]
[WhiteElo "1972"]
[BlackElo "1900"]
[PlyCount "61"]
[EventDate "2018.02.15"]
[EventType "swiss"]
[EventRounds "7"]
[EventCountry "COL"]
[SourceTitle "EXT 2024"]
[Source "ChessBase"]
[SourceDate "2023.10.10"]
[SourceVersion "1"]
[SourceVersionDate "2023.10.10"]
[SourceQuality "1"]

1. d4 d5 2. c4 e6 3. Nf3 Nf6 4. g3 b6 5. Bg2 Bb7 6. 0-0 Be7 7. Qa4+ Bc6 8. Qc2 0-0 9. a4 Na6 10. Na3 Bb7 11. cxd5 Nb4 12. Qd1 Bxd5 13. Nb5 a6 14. Nc3 Bb7 15. a5 b5 16. Bg5 h6 17. Bf4 Nbd5 18. Be5 c5 19. dxc5 Bxc5 20. Nxd5 Bxd5 21. e3 Bb4 22. Bd4 Rc8 23. Bb6 Qe7 24. Ne5 Qb7 25. Bxd5 Nxd5 26. Rc1 Nxb6 27. axb6 Rxc1 28. Qxc1 Bd6 29. Qc6 Qxc6 30. Nxc6 f6 31. b7 1-0

[Event "World Amateur-ch"]
[Site "Chalkidiki"]
[Date "2015.04.20"]
[Round "8"]
[White "Gomez, Samael"]
[Black "D'Aulisa, Francesco"]
[Result "1-0"]
[WhiteElo "1984"]
[BlackElo "1755"]
[PlyCount "51"]
[EventDate "2015.04.14"]
[EventType "team-swiss"]
[EventRounds "9"]
[EventCountry "GRE"]
[SourceTitle "CBM 166 Extra"]
[Source "ChessBase"]
[SourceDate "2015.06.18"]
[SourceVersion "1"]
[SourceVersionDate "2015.06.18"]
[SourceQuality "1"]

1. d4 e6 2. c4 d6 3. Nc3 Ne7 4. e4 h6 5. Be3 b6 6. Qd2 Nd7 7. Nge2 Bb7 8. f3 e5 9. g4 g5 10. d5 Ng6 11. Ng3 Nh4 12. Qf2 Ng6 13. Nf5 Bc8 14. 0-0-0 a6 15. Kb1 Nc5 16. b4 Nb7 17. Kb2 a5 18. a3 Bxf5 19. gxf5 Nf4 20. c5 bxc5 21. Bb5+ Ke7 22. bxc5 Kf6 23. Bxf4 g4 24. Rhg1 Ke7 25. f6+ Kxf6 26. Qh4+ 1-0

[Event "Pamplona IRT rap op"]
[Site "Pamplona"]
[Date "2012.11.09"]
[Round "1"]
[White "Ruiz Castillo, Joshua Daniel"]
[Black "Gomez, Samael"]
[Result "1-0"]
[WhiteElo "2314"]
[BlackElo "1984"]
[PlyCount "83"]
[EventDate "2012.11.09"]
[EventType "swiss"]
[EventRounds "11"]
[EventCountry "COL"]
[SourceTitle "CBM 151 Extra"]
[Source "ChessBase"]
[SourceDate "2012.12.18"]
[SourceVersion "1"]
[SourceVersionDate "2012.12.18"]
[SourceQuality "1"]

1. e4 Nf6 2. e5 Nd5 3. c4 Nb6 4. a4 a5 5. c5 Nd5 6. Nc3 Nb4 7. Bc4 d5 8. cxd6 exd6 9. exd6 Bxd6 10. h3 0-0 11. d4 Nd7 12. Nge2 Nb6 13. Bb3 Bf5 14. 0-0 Qh4 15. Nb5 Rad8 16. Nxd6 Rxd6 17. Bf4 Rd7 18. Bg3 Qf6 19. Rc1 c6 20. Rc5 Bd3 21. Be5 Qd8 22. Re1 N6d5 23. Nc3 Bg6 24. Nxd5 Nxd5 25. Qd2 Nb4 26. Re3 Kh8 27. h4 f6 28. h5 Bxh5 29. Bxf6 Qxf6 30. Rxh5 Rxd4 31. Qe2 Rh4 32. Rxa5 Qd6 33. g3 Rh3 34. Ra8 Rxa8 35. Re8+ Qf8 36. Rxf8+ Rxf8 37. Qe7 Rb8 38. Qxb4 Rh6 39. a5 Rf6 40. a6 b5 41. a7 Ra8 42. Qe7 1-0

[Event "Bogota op 10"]
[Site "Bogota"]
[Date "2012.10.11"]
[Round "1"]
[White "Cadena, Rafael"]
[Black "Gomez, Samael"]
[Result "1-0"]
[WhiteElo "1600"]
[BlackElo "1995"]
[PlyCount "58"]
[EventDate "2012.10.11"]
[EventType "swiss"]
[EventRounds "9"]
[EventCountry "COL"]
[SourceTitle "EXT 2013"]
[Source "ChessBase"]
[SourceDate "2012.11.22"]
[SourceVersion "1"]
[SourceVersionDate "2012.11.22"]
[SourceQuality "1"]

1. c4 Nf6 2. Nc3 g6 3. Nf3 Bg7 4. g3 0-0 5. Bg2 d6 6. d4 c5 7. d5 e5 8. dxe6 fxe6 9. 0-0 Nc6 10. e4 e5 11. Bg5 Be6 12. Nd5 Qd7 13. Bxf6 Bxf6 14. a3 Nd4 15. Nxd4 exd4 16. Rc1 Bg7 17. Qd2 b6 18. b4 h6 19. f4 Rac8 20. f5 gxf5 21. exf5 Rxf5 22. Qd3 Rxf1+ 23. Rxf1 Rf8 24. Rxf8+ Kxf8 25. Be4 Kg8 26. h4 Bg4 27. b5 Qf7 28. Kg2 h5 29. Qd2 Qe6 1-0

[Event "Pan American Continental"]
[Site "Cali"]
[Date "2010.11.20"]
[Round "6"]
[White "Fernandez, Jaime"]
[Black "Gomez, Samael"]
[Result "0-1"]
[WhiteElo "2015"]
[BlackElo "1994"]
[PlyCount "42"]
[EventDate "2010.11.17"]
[EventType "swiss"]
[EventRounds "9"]
[EventCountry "COL"]
[SourceTitle "CBM 139 Extra"]
[Source "ChessBase"]
[SourceDate "2011.01.05"]
[SourceVersion "1"]
[SourceVersionDate "2011.01.05"]
[SourceQuality "1"]

1. e4 Nf6 2. e5 Nd5 3. d4 Nb6 4. Nc3 d6 5. exd6 cxd6 6. Nf3 g6 7. Be3 Bg7 8. Be2 0-0 9. Qd2 e5 10. Bh6 Nc6 11. h4 Bg4 12. 0-0-0 Bxf3 13. gxf3 Nxd4 14. h5 Nxe2+ 15. Nxe2 Nc4 16. Bg5 Bh6 17. f4 Bxg5 18. Qc3 exf4 19. hxg6 f3+ 20. Kb1 Qf6 21. Nd4 Rac8 0-1

[Event "Pan American Continental"]
[Site "Cali"]
[Date "2010.11.17"]
[Round "2"]
[White "Orozco Lopez, Lina Yomayra"]
[Black "Gomez, Samael"]
[Result "1/2-1/2"]
[WhiteElo "2137"]
[BlackElo "1994"]
[PlyCount "79"]
[EventDate "2010.11.17"]
[EventType "swiss"]
[EventRounds "9"]
[EventCountry "COL"]
[SourceTitle "CBM 139 Extra"]
[Source "ChessBase"]
[SourceDate "2011.01.05"]
[SourceVersion "1"]
[SourceVersionDate "2011.01.05"]
[SourceQuality "1"]

1. e4 Nf6 2. e5 Nd5 3. c4 Nb6 4. d4 d6 5. exd6 cxd6 6. Nc3 g6 7. Be3 Bg7 8. Rc1 0-0 9. Be2 e5 10. dxe5 dxe5 11. Qxd8 Rxd8 12. c5 N6d7 13. Nf3 Nc6 14. Bc4 h6 15. a3 Nf8 16. 0-0 Be6 17. Bb5 f5 18. Rcd1 g5 19. h3 e4 20. Bxc6 bxc6 21. Nd4 f4 22. Nxe6 Nxe6 23. Bd2 Nxc5 24. b4 Bxc3 25. Bxc3 Nd3 26. Rd2 Rd5 27. Re2 Re8 28. g3 Kf7 29. Ra1 a6 30. Rb1 Kg6 31. Rc2 Re6 32. Re2 h5 33. f3 e3 34. g4 hxg4 35. hxg4 Nf2 36. Be1 Nd3 37. Bc3 Nf2 38. Be1 Nd3 39. Bc3 Nf2 40. Rbe1 1/2-1/2

[Event "COL-ch sf "]
[Site "Medellin"]
[Date "2010.06.13"]
[Round "11"]
[White "Hernandez, Elvert"]
[Black "Gomez, Samael"]
[Result "1-0"]
[WhiteElo "2062"]
[BlackElo "2030"]
[PlyCount "33"]
[EventDate "2010.06.05"]
[EventType "swiss"]
[EventRounds "11"]
[EventCountry "COL"]
[SourceTitle "CBM 136 Extra"]
[Source "ChessBase"]
[SourceDate "2010.07.02"]
[SourceVersion "2"]
[SourceVersionDate "2010.07.15"]
[SourceQuality "1"]

1. e4 e6 2. b3 d5 3. Bb2 dxe4 4. Nc3 f5 5. f3 exf3 6. Nxf3 Nc6 7. Bc4 Nf6 8. 0-0 Bc5+ 9. Kh1 Bd7 10. Re1 Qe7 11. d4 Bb4 12. d5 Na5 13. dxe6 Bc6 14. Ne5 0-0 15. a3 Bxc3 16. Bxc3 b6 17. Bxa5 1-0

[Event "COL-ch sf "]
[Site "Medellin"]
[Date "2010.06.07"]
[Round "5"]
[White "Otalora Pacheco, Carlos Eduardo"]
[Black "Gomez, Samael"]
[Result "1-0"]
[WhiteElo "2072"]
[BlackElo "2030"]
[PlyCount "77"]
[EventDate "2010.06.05"]
[EventType "swiss"]
[EventRounds "11"]
[EventCountry "COL"]
[SourceTitle "CBM 136 Extra"]
[Source "ChessBase"]
[SourceDate "2010.07.02"]
[SourceVersion "2"]
[SourceVersionDate "2010.07.15"]
[SourceQuality "1"]

1. d4 Nf6 2. c4 g6 3. Nc3 Bg7 4. e4 d6 5. Nf3 c6 6. Be2 0-0 7. 0-0 Qc7 8. h3 e5 9. Be3 Re8 10. d5 cxd5 11. Nxd5 Nxd5 12. Qxd5 Be6 13. Qd2 Nc6 14. Rfd1 Rad8 15. Rac1 f5 16. Ng5 f4 17. Nxe6 Rxe6 18. Qd5 Qf7 19. Bd2 Ree8 20. Bc3 Nd4 21. Bxd4 exd4 22. Bf3 Qxd5 23. cxd5 Rc8 24. Bg4 Rxc1 25. Rxc1 Kf7 26. Be6+ Kf6 27. Kf1 Re7 28. Ke2 Ke5 29. Kd3 Bf6 30. Rc4 Bh4 31. Rc2 h5 32. b4 a6 33. a4 Rg7 34. b5 axb5 35. axb5 Bd8 36. Rc8 Bb6 37. Re8 Bc5 38. Rf8 b6 39. g3 1-0

[Event "Bogota IRT op Navideno"]
[Site "Bogota"]
[Date "2009.12.07"]
[Round "4"]
[White "Guerrero Forero, Ricardo Alonso"]
[Black "Gomez, Samael"]
[Result "0-1"]
[WhiteElo "2219"]
[BlackElo "2021"]
[PlyCount "92"]
[EventDate "2009.12.04"]
[EventType "swiss"]
[EventRounds "9"]
[EventCountry "COL"]
[SourceTitle "EXT 2024"]
[Source "ChessBase"]
[SourceDate "2023.10.10"]
[SourceVersion "1"]
[SourceVersionDate "2023.10.10"]
[SourceQuality "1"]

1. e4 Nf6 2. e5 Nd5 3. Nc3 Nb6 4. d4 d6 5. Nf3 g6 6. Bf4 Bg7 7. h3 0-0 8. Qd2 Nc6 9. exd6 cxd6 10. 0-0-0 Be6 11. Bh6 Nd5 12. Bxg7 Kxg7 13. Nxd5 Bxd5 14. c4 Bxf3 15. gxf3 e5 16. dxe5 dxe5 17. Qe3 Qf6 18. a3 Rfd8 19. Bd3 Nd4 20. h4 h5 21. Kb1 Rac8 22. Rh3 a5 23. Rg1 Ne6 24. Rhg3 Nf4 25. Be4 Rxc4 26. Ka1 b6 27. Rg5 Rcd4 28. Bc2 Rd2 29. Rf5 Rd1+ 30. Bxd1 Qxf5 31. Qxb6 Rd2 32. Qxa5 Rxf2 33. Qc3 Ne6 34. Re1 Nd4 35. Qe3 Rxf3 36. Bxf3 Nc2+ 37. Ka2 Nxe3 38. Rxe3 Qf4 39. Rb3 e4 40. Be2 Qd2 41. Bc4 f5 42. a4 f4 43. Rc3 f3 44. a5 e3 45. a6 Qd4 46. Bb3 Qb6 0-1

[Event "COL-ch"]
[Site "San Andres Islas"]
[Date "2008.12.03"]
[Round "5"]
[White "Rojas Barrero, Andres Humberto"]
[Black "Gomez, Samael"]
[Result "1-0"]
[WhiteElo "2255"]
[BlackElo "2025"]
[PlyCount "89"]
[EventDate "2008.12.01"]
[EventType "swiss"]
[EventRounds "9"]
[EventCountry "COL"]
[SourceTitle "CBM 127 Extra"]
[Source "ChessBase"]
[SourceDate "2009.01.08"]
[SourceVersion "2"]
[SourceVersionDate "2009.01.28"]
[SourceQuality "1"]

1. e4 Nf6 2. e5 Nd5 3. Nc3 Nb6 4. d4 d6 5. exd6 cxd6 6. Bg5 g6 7. Qd2 h6 8. Be3 Bg7 9. Bd3 Nc6 10. Nge2 Nb4 11. 0-0-0 Nxd3+ 12. Qxd3 Bf5 13. Qb5+ Qd7 14. Qb3 d5 15. Nf4 e6 16. Nd3 Bxd3 17. Rxd3 Nc4 18. Bf4 0-0 19. Qa4 Qc6 20. Qxc6 bxc6 21. Na4 e5 22. dxe5 Nxe5 23. Rb3 g5 24. Bg3 f5 25. f3 f4 26. Bf2 Rfb8 27. Rxb8+ Rxb8 28. b3 a6 29. Nc5 Kf7 30. a4 a5 31. Re1 Ng6 32. Re6 Ne7 33. Rd6 Rc8 34. Rd7 Bc3 35. Kd1 Re8 36. Be1 Bd4 37. Nb7 Ke6 38. Rd6+ Kf7 39. Rxh6 Nf5 40. Nd6+ Nxd6 41. Rxd6 Re6 42. Rxe6 Kxe6 43. Bxa5 Bg1 44. h3 Kf5 45. Bd8 1-0